Kluby Bundesliga 2023/24 - Statystyki

Ogólne statystyki
  • Ten quiz został rozwiązany 1 003 razy
    353 od ostatniego zresetowania
  • Średni wynik to 9 z 18
Statystyki odpowiedzi
Zespół % Poprawnych
Bayern Monachium
99%
Borussia Dortmund
95%
Bayer 04 Leverkusen
82%
RB Lipsk
67%
Union Berlin
66%
Werder Brema
51%
Borussia Monchengladbach
47%
Eintracht Frankfurt
46%
Koln
45%
Augsburg
41%
VfL Wolfsburg
40%
VfB Stuttgart
37%
VfL Bochum
35%
1. FC Heindenheim
30%
SV Darmstadt 98
29%
SC Freiburg
28%
TSG 1899 Hoffenheim
20%
FSV Mainz 05
16%
Nie znaleziono quizów pasujących do podanych kryteriów
Rozkład punktacji
Procent ludzi z każdym wynikiem
Percentyl według liczby udzielonych odpowiedzi
Twoja historia wyników
Nie rozwiązałeś tego quizu od ostatniego zresetowania